| Tag |
First Indicator |
Second Indicator |
Subfields |
| LEADER |
00000nam a2200000 i 4500 |
| 001 |
in00004591190 |
| 006 |
m o d f |
| 007 |
cr ||||||||||| |
| 008 |
220722s2022 dcua ob f000 0 eng c |
| 005 |
20220812191104.9 |
| 024 |
8 |
|
|a 47-775
|q (GPO jacket number)
|
| 035 |
|
|
|a (OCoLC)on1336962783
|
| 040 |
|
|
|a GPO
|b eng
|e rda
|e pn
|c GPO
|d GPO
|d MvI
|
| 042 |
|
|
|a pcc
|
| 043 |
|
|
|a n-us---
|
| 049 |
|
|
|a WWW
|
| 074 |
|
|
|a 1018-A-01 (online)
|
| 086 |
0 |
|
|a Y 4.H 81/3:J 26
|
| 110 |
1 |
|
|a United States.
|b Congress.
|b House.
|b Committee on House Administration,
|e author.
|
| 245 |
1 |
0 |
|a Oversight of the January 6th Capitol Attack :
|b ongoing review of the United States Capitol Police Inspector General flash reports : hearing before the Committee on House Administration, House of Representatives, One Hundred Seventeenth Congress, second session, February 17, 2022.
|
| 246 |
3 |
0 |
|a Ongoing review of the United States Capitol Police Inspector General flash reports
|
| 264 |
|
1 |
|a Washington :
|b U.S. Government Publishing Office,
|c 2022.
|
| 300 |
|
|
|a 1 online resource (iii, 230 pages) :
|b color illustrations
|
| 336 |
|
|
|a text
|b txt
|2 rdacontent
|
| 337 |
|
|
|a computer
|b c
|2 rdamedia
|
| 338 |
|
|
|a online resource
|b cr
|2 rdacarrier
|
| 500 |
|
|
|a Access ID (govinfo): CHRG-117hhrg47775.
|
| 500 |
|
|
|a GPO Cataloging Record Distribution Program (CRDP).
|
| 504 |
|
|
|a Includes bibliographical references.
|
| 511 |
0 |
|
|a Hearing witnesses: Hon. Michael A. Bolton, Inspector General, United States Capitol Police; Daniel Schuman, Policy Director, Demand Progress Education Fund.
|
| 518 |
|
|
|a Date of hearing: 2022-02-17.
|
| 588 |
|
|
|a Description based on online resource; title from PDF title page (govinfo, viewed July 22, 2022).
|
| 650 |
|
0 |
|a Capitol Riot, Washington, D.C., 2021.
|
| 610 |
1 |
0 |
|a United States.
|b Capitol Police.
|
| 610 |
1 |
0 |
|a United States.
|b Capitol Police
|x Auditing.
|
| 610 |
1 |
0 |
|a United States.
|b Capitol Police
|x Planning.
|
| 650 |
|
0 |
|a Political violence
|z United States.
|
| 650 |
|
0 |
|a Domestic terrorism
|z United States.
|
| 655 |
|
7 |
|a Legislative hearings.
|2 lcgft
|
| 776 |
0 |
8 |
|i Print version:
|a United States. Congress. House. Committee on House Administration.
|t Oversight of the January 6th Capitol Attack
|w (OCoLC)1336962639
|
| 856 |
4 |
0 |
|u https://purl.fdlp.gov/GPO/gpo184727
|t 0
|
| 999 |
f |
f |
|s 204b5b7b-12de-4585-a324-020853ee27e1
|i 204b5b7b-12de-4585-a324-020853ee27e1
|t 0
|
| 952 |
f |
f |
|a Texas A&M University
|b College Station
|c Electronic Resources
|d Available Online
|t 0
|e Y 4.H 81/3:J 26
|h Superintendent of Documents classification
|
| 998 |
f |
f |
|a Y 4.H 81/3:J 26
|t 0
|l Available Online
|